| 000 | 01026nam a2200229Ia 4500 | ||
|---|---|---|---|
| 001 | 539.709 2-AGN fr fi (22959) | ||
| 003 | IT-MiSPE | ||
| 008 | 171229s9999||||xx |||||||||||||| ||und|| | ||
| 040 |
_aIT-MiSPE _cIT-MiSPE |
||
| 041 | _aITALIANO | ||
| 100 | _aFrancesco Agnoli | ||
| 245 | 0 | _aFilosofia, religione, politica in Albert Einstein | |
| 250 | _a1a ed. (v) | ||
| 260 |
_aBologna _bStudio Domenicano _c2015 |
||
| 300 |
_a264 p. _c20 cm |
||
| 490 |
_aLe frecce _v45 |
||
| 500 | _aAlbert Einstein | ||
| 501 | _aEdizioni San Paolo srl - Piazza Soncino, 5 - 20092 CINISELLO BALSAMO (MI) (non commercial uses only) ® Copyright 2018 | ||
| 942 | _cBK | ||
| 957 | _71 | ||
| 999 |
_a20803 _bNO _g Copie: 1 _c351097 _d351097 |
||